[Event "World Chess Olympiad 2018"]
[Site "Batumi"]
[Date "2018.10.04"]
[Round "10"]
[Board "2"]
[WhiteFideId "14700727"]
[White "Khusenkhojaev Mustafokhuja"]
[BlackFideId "13502956"]
[Black "Zhigalko Sergei"]
[Result "1/2-1/2"]
[LiveChessVersion "1.4.8"]
[BlackElo "2610"]
[WhiteElo "2229"]

1. d4 {[%clk 1:30:58]} Nf6 {[%clk 1:30:50]} 2. Nf3 {[%clk 1:31:19]} e6
{[%clk 1:31:15]} 3. c4 {[%clk 1:31:43]} b6 {[%clk 1:31:42]} 4. g3
{[%clk 1:31:54]} Ba6 {[%clk 1:32:03]} 5. b3 {[%clk 1:32:02]} Bb7 {[%clk 1:32:23]}
6. Bg2 {[%clk 1:32:20]} Bb4+ {[%clk 1:32:42]} 7. Bd2 {[%clk 1:32:27]} a5
{[%clk 1:32:59]} 8. O-O {[%clk 1:31:33]} O-O {[%clk 1:33:18]} 9. Bc3
{[%clk 1:26:10]} Re8 {[%clk 1:30:40]} 10. a3 {[%clk 1:24:24]} Bf8
{[%clk 1:30:39]} 11. Bb2 {[%clk 1:23:06]} d5 {[%clk 1:24:37]} 12. Ne5
{[%clk 1:19:54]} Nbd7 {[%clk 1:19:46]} 13. Nc3 {[%clk 1:18:15]} c6
{[%clk 1:19:37]} 14. e4 {[%clk 1:06:07]} dxc4 {[%clk 1:15:50]} 15. Nxc4
{[%clk 1:06:17]} b5 {[%clk 0:55:57]} 16. Ne3 {[%clk 1:06:11]} e5 {[%clk 0:51:39]}
17. d5 {[%clk 0:59:37]} Qb6 {[%clk 0:50:59]} 18. dxc6 {[%clk 0:58:50]} Bxc6
{[%clk 0:51:22]} 19. Ncd5 {[%clk 0:56:51]} Bxd5 {[%clk 0:51:18]} 20. Nxd5
{[%clk 0:54:56]} Nxd5 {[%clk 0:51:44]} 21. exd5 {[%clk 0:54:55]} Rad8
{[%clk 0:48:08]} 22. Rc1 {[%clk 0:50:06]} Nc5 {[%clk 0:46:08]} 23. Re1
{[%clk 0:48:15]} Qb8 {[%clk 0:32:42]} 24. Re3 {[%clk 0:44:09]} e4
{[%clk 0:28:57]} 25. Qd4 {[%clk 0:36:12]} Nd3 {[%clk 0:28:29]} 26. Rxd3
{[%clk 0:34:22]} exd3 {[%clk 0:28:54]} 27. Qxd3 {[%clk 0:34:47]} Bd6
{[%clk 0:26:46]} 28. h4 {[%clk 0:34:36]} b4 {[%clk 0:22:26]} 29. a4
{[%clk 0:34:32]} Be5 {[%clk 0:22:45]} 30. Bxe5 {[%clk 0:32:44]} Qxe5
{[%clk 0:22:56]} 31. Bf3 {[%clk 0:31:56]} g6 {[%clk 0:20:06]} 32. Kg2
{[%clk 0:31:41]} Rc8 {[%clk 0:17:11]} 33. Rc6 {[%clk 0:31:00]} Rcd8
{[%clk 0:10:42]} 34. Rc5 {[%clk 0:29:04]} Qa1 {[%clk 0:05:37]} 35. d6
{[%clk 0:10:22]} Re1 {[%clk 0:06:05]} 36. d7 {[%clk 0:08:08]} Rh1
{[%clk 0:06:01]} 37. Bg4 {[%clk 0:08:29]} Rg1+ {[%clk 0:03:50]} 38. Kh2
{[%clk 0:08:58]} Rh1+ {[%clk 0:02:28]} 39. Kg2 {[%clk 0:09:27]} Rg1+
{[%clk 0:00:48]} 40. Kh2 {[%clk 0:39:57]} Rh1+ {[%clk 0:30:34]} 41. Kg2
{[%clk 0:40:26]} h5 {[%clk 0:17:36]} 42. Bxh5 {[%clk 0:26:59]} Rg1+
{[%clk 0:08:23]} 43. Kh2 {[%clk 0:27:18]} Rh1+ {[%clk 0:05:53]} 44. Kg2
{[%clk 0:27:47]} Rg1+ {[%clk 0:01:26]} 45. Kh2 {[%clk 0:28:16]} Rh1+
{[%clk 0:01:24]} 46. Kg2 {[%clk 0:28:46]} Rg1+ {[%clk 0:01:19]} 1/2-1/2

[Event "World Chess Olympiad 2018"]
[Site "Batumi"]
[Date "2018.10.04"]
[Round "10"]
[Board "3"]
[WhiteFideId "13503758"]
[White "Stupak Kirill"]
[BlackFideId "14700859"]
[Black "Kabilov Amin"]
[Result "1/2-1/2"]
[LiveChessVersion "1.4.8"]
[BlackElo "2178"]
[WhiteElo "2583"]

1. d4 {[%clk 1:30:59]} Nf6 {[%clk 1:30:44]} 2. c4 {[%clk 1:31:27]} g6
{[%clk 1:30:47]} 3. Nc3 {[%clk 1:30:32]} Bg7 {[%clk 1:30:28]} 4. e4
{[%clk 1:30:58]} d6 {[%clk 1:30:48]} 5. f3 {[%clk 1:31:25]} O-O {[%clk 1:31:06]}
6. Nge2 {[%clk 1:31:52]} c5 {[%clk 1:29:38]} 7. d5 {[%clk 1:32:17]} e6
{[%clk 1:29:21]} 8. Bg5 {[%clk 1:32:27]} exd5 {[%clk 1:23:04]} 9. cxd5
{[%clk 1:32:53]} Qb6 {[%clk 1:23:26]} 10. Qd2 {[%clk 1:33:00]} h5
{[%clk 1:23:36]} 11. Nc1 {[%clk 1:26:57]} Nh7 {[%clk 1:20:05]} 12. Be3
{[%clk 1:27:22]} Nd7 {[%clk 1:06:41]} 13. h3 {[%clk 1:22:15]} a6 {[%clk 0:59:28]}
14. Be2 {[%clk 1:20:48]} Qd8 {[%clk 0:53:58]} 15. a4 {[%clk 1:19:52]} Qe7
{[%clk 0:48:18]} 16. O-O {[%clk 1:19:27]} Rb8 {[%clk 0:48:43]} 17. a5
{[%clk 1:06:28]} b5 {[%clk 0:42:32]} 18. axb6 {[%clk 1:06:54]} Rxb6
{[%clk 0:42:57]} 19. Ra3 {[%clk 1:06:50]} f5 {[%clk 0:39:50]} 20. exf5
{[%clk 1:06:02]} gxf5 {[%clk 0:40:01]} 21. Nd3 {[%clk 1:03:27]} c4
{[%clk 0:28:31]} 22. Nf2 {[%clk 1:02:24]} Rxb2 {[%clk 0:28:37]} 23. Qxb2
{[%clk 1:02:52]} Qxe3 {[%clk 0:28:59]} 24. Qc1 {[%clk 1:02:12]} Qd4
{[%clk 0:24:59]} 25. f4 {[%clk 0:58:26]} Bh6 {[%clk 0:21:54]} 26. Qd1
{[%clk 0:50:00]} Qc5 {[%clk 0:20:45]} 27. Ra4 {[%clk 0:50:29]} Nb6
{[%clk 0:20:34]} 28. Ra2 {[%clk 0:50:58]} Bxf4 {[%clk 0:12:43]} 29. Na4
{[%clk 0:51:12]} Nxa4 {[%clk 0:11:31]} 30. Rxa4 {[%clk 0:51:23]} Qe3
{[%clk 0:11:35]} 31. Rxc4 {[%clk 0:46:22]} Qg3 {[%clk 0:11:35]} 32. Rxf4
{[%clk 0:46:43]} Qxf4 {[%clk 0:11:56]} 33. Bxh5 {[%clk 0:47:11]} Qg5
{[%clk 0:06:30]} 34. Bf3 {[%clk 0:46:50]} Bd7 {[%clk 0:06:19]} 35. Qd4
{[%clk 0:46:25]} Qf6 {[%clk 0:04:32]} 36. Qb6 {[%clk 0:44:25]} Bb5
{[%clk 0:04:17]} 37. Re1 {[%clk 0:44:37]} Ng5 {[%clk 0:04:15]} 38. Bh5
{[%clk 0:44:10]} Qh6 {[%clk 0:03:48]} 39. h4 {[%clk 0:42:17]} Ne4
{[%clk 0:03:18]} 40. Bf3 {[%clk 1:05:26]} Qd2 {[%clk 0:32:58]} 41. Qe3
{[%clk 1:00:38]} Qxf2+ {[%clk 0:28:16]} 42. Qxf2 {[%clk 1:01:06]} Nxf2
{[%clk 0:28:39]} 43. Kxf2 {[%clk 1:01:32]} Re8 {[%clk 0:28:41]} 44. Rc1
{[%clk 0:57:43]} Kg7 {[%clk 0:22:11]} 45. Kg3 {[%clk 0:57:56]} Kf6
{[%clk 0:21:41]} 46. Kf4 {[%clk 0:58:21]} Rb8 {[%clk 0:20:31]} 47. Rc7
{[%clk 0:57:11]} Be8 {[%clk 0:19:27]} 48. h5 {[%clk 0:50:46]} Rb4+
{[%clk 0:14:18]} 49. Kg3 {[%clk 0:51:11]} Rb1 {[%clk 0:10:53]} 50. Rc8
{[%clk 0:44:58]} Bf7 {[%clk 0:10:28]} 51. Rc6 {[%clk 0:42:42]} Ke5
{[%clk 0:10:41]} 52. Rxa6 {[%clk 0:43:11]} Rh1 {[%clk 0:10:13]} 53. Ra7
{[%clk 0:41:40]} f4+ {[%clk 0:10:29]} 54. Kf2 {[%clk 0:41:54]} Bxh5
{[%clk 0:10:36]} 55. Re7+ {[%clk 0:41:38]} Kd4 {[%clk 0:07:03]} 56. Rh7
{[%clk 0:41:59]} Bxf3 {[%clk 0:07:27]} 57. Rxh1 {[%clk 0:42:26]} Bxd5
{[%clk 0:07:48]} 58. Rh5 {[%clk 0:42:44]} Be4 {[%clk 0:07:56]} 59. Rg5
{[%clk 0:42:42]} d5 {[%clk 0:08:08]} 60. Rh5 {[%clk 0:39:37]} Bc2
{[%clk 0:07:27]} 61. Rh8 {[%clk 0:38:51]} Ke5 {[%clk 0:05:49]} 62. Re8+
{[%clk 0:39:16]} Kf5 {[%clk 0:06:09]} 63. Ke2 {[%clk 0:39:26]} Be4
{[%clk 0:06:31]} 64. Rg8 {[%clk 0:39:51]} Ke5 {[%clk 0:06:41]} 65. Rg5+
{[%clk 0:40:05]} Kf6 {[%clk 0:06:59]} 66. Rg8 {[%clk 0:40:24]} Kf5
{[%clk 0:07:14]} 67. Kd2 {[%clk 0:39:54]} Ke5 {[%clk 0:07:22]} 68. Ke1
{[%clk 0:40:12]} Kd4 {[%clk 0:07:36]} 69. Ke2 {[%clk 0:40:28]} Ke5
{[%clk 0:07:54]} 70. Kf2 {[%clk 0:40:54]} Kf5 {[%clk 0:08:14]} 71. Kg1
{[%clk 0:41:14]} Ke5 {[%clk 0:08:35]} 72. Re8+ {[%clk 0:41:19]} Kf5
{[%clk 0:08:49]} 73. Kh2 {[%clk 0:41:44]} d4 {[%clk 0:06:51]} 74. Kg1
{[%clk 0:40:26]} Bc6 {[%clk 0:06:18]} 75. Rc8 {[%clk 0:39:18]} Bd5
{[%clk 0:06:21]} 76. Rf8+ {[%clk 0:39:19]} Ke4 {[%clk 0:05:54]} 77. Re8+
{[%clk 0:38:41]} Kf5 {[%clk 0:04:32]} 78. Rb8 {[%clk 0:36:48]} Ke4
{[%clk 0:04:20]} 79. Kf2 {[%clk 0:36:59]} d3 {[%clk 0:04:08]} 80. Rb4+
{[%clk 0:36:38]} Ke5 {[%clk 0:04:32]} 1/2-1/2

[Event "World Chess Olympiad 2018"]
[Site "Batumi"]
[Date "2018.10.04"]
[Round "10"]
[Board "4"]
[WhiteFideId "14700280"]
[White "Karimov Alisher"]
[BlackFideId "13500465"]
[Black "Fedorov Alexei"]
[Result "0-1"]
[LiveChessVersion "1.4.8"]
[BlackElo "2568"]
[WhiteElo "2182"]

1. e4 {[%clk 1:30:54]} c5 {[%clk 1:30:54]} 2. Nc3 {[%clk 1:31:18]} Nc6
{[%clk 1:31:06]} 3. g3 {[%clk 1:31:37]} g6 {[%clk 1:31:22]} 4. Bg2
{[%clk 1:31:49]} Bg7 {[%clk 1:31:38]} 5. d3 {[%clk 1:31:58]} d6 {[%clk 1:31:12]}
6. f4 {[%clk 1:29:23]} e6 {[%clk 1:28:06]} 7. Nh3 {[%clk 1:25:34]} Nge7
{[%clk 1:26:42]} 8. O-O {[%clk 1:25:36]} O-O {[%clk 1:26:16]} 9. Be3
{[%clk 1:23:35]} b6 {[%clk 1:23:28]} 10. Ng5 {[%clk 1:19:10]} d5 {[%clk 1:20:02]}
11. Bf2 {[%clk 1:17:21]} d4 {[%clk 1:16:12]} 12. Ne2 {[%clk 1:15:56]} h6
{[%clk 1:15:07]} 13. Nf3 {[%clk 1:15:31]} f5 {[%clk 1:14:15]} 14. e5
{[%clk 1:14:03]} Bb7 {[%clk 1:14:01]} 15. c3 {[%clk 1:13:10]} dxc3
{[%clk 1:14:10]} 16. bxc3 {[%clk 1:13:31]} Qd7 {[%clk 1:10:42]} 17. d4
{[%clk 1:09:01]} c4 {[%clk 1:09:38]} 18. Be3 {[%clk 1:04:10]} Nd5
{[%clk 1:05:32]} 19. Bc1 {[%clk 1:04:26]} b5 {[%clk 1:05:20]} 20. Nh4
{[%clk 1:01:28]} Kh7 {[%clk 1:04:46]} 21. g4 {[%clk 1:01:43]} a5 {[%clk 0:57:35]}
22. gxf5 {[%clk 0:50:44]} gxf5 {[%clk 0:52:38]} 23. Rf3 {[%clk 0:44:11]} b4
{[%clk 0:48:38]} 24. Bd2 {[%clk 0:40:30]} bxc3 {[%clk 0:43:16]} 25. Bxc3
{[%clk 0:40:26]} Ncb4 {[%clk 0:40:59]} 26. Qd2 {[%clk 0:34:02]} Rg8
{[%clk 0:34:12]} 27. Rg3 {[%clk 0:32:49]} Bf8 {[%clk 0:34:20]} 28. Rxg8
{[%clk 0:29:18]} Kxg8 {[%clk 0:34:47]} 29. Rf1 {[%clk 0:26:59]} Be7
{[%clk 0:33:38]} 30. Nf3 {[%clk 0:23:52]} Kh7 {[%clk 0:33:42]} 31. Ne1
{[%clk 0:21:13]} Rg8 {[%clk 0:33:54]} 32. Ng3 {[%clk 0:20:03]} Bh4
{[%clk 0:32:26]} 33. Rf3 {[%clk 0:13:15]} Qa4 {[%clk 0:27:53]} 34. Qb2
{[%clk 0:07:51]} Qd1 {[%clk 0:25:01]} 35. Kf2 {[%clk 0:02:10]} Nxc3
{[%clk 0:22:05]} 36. Qxc3 {[%clk 0:01:38]} Bxf3 {[%clk 0:20:50]} 37. Bxf3
{[%clk 0:01:10]} Qb1 {[%clk 0:15:16]} 38. Qxc4 {[%clk 0:00:58]} Qxa2+
{[%clk 0:15:28]} 39. Qxa2 {[%clk 0:01:20]} Nxa2 {[%clk 0:15:56]} 40. d5
{[%clk 0:31:29]} Nb4 {[%clk 0:46:01]} 41. d6 {[%clk 0:29:32]} a4 {[%clk 0:43:20]}
42. Bd1 {[%clk 0:28:11]} Ra8 {[%clk 0:41:45]} 43. Nf3 {[%clk 0:28:02]} a3
{[%clk 0:41:37]} 0-1

[Event "World Chess Olympiad 2018"]
[Site "Batumi"]
[Date "2018.10.04"]
[Round "10"]
[Board "2"]
[WhiteFideId "14300133"]
[White "Klaasen Calvin John"]
[BlackFideId "3702308"]
[Black "Vazquez Guillermo"]
[Result "0-1"]
[LiveChessVersion "1.4.8"]
[BlackElo "2468"]
[WhiteElo "2262"]

1. d4 {[%clk 1:30:51]} Nf6 {[%clk 1:30:48]} 2. c4 {[%clk 1:30:56]} e6
{[%clk 1:31:09]} 3. Nf3 {[%clk 1:30:45]} d5 {[%clk 1:30:44]} 4. g3
{[%clk 1:30:02]} Bb4+ {[%clk 1:29:59]} 5. Nc3 {[%clk 1:29:55]} dxc4
{[%clk 1:29:04]} 6. Bg2 {[%clk 1:30:21]} O-O {[%clk 1:29:14]} 7. O-O
{[%clk 1:30:34]} Nc6 {[%clk 1:29:01]} 8. a3 {[%clk 1:30:53]} Be7 {[%clk 1:27:36]}
9. e4 {[%clk 1:31:16]} a6 {[%clk 1:23:46]} 10. Bf4 {[%clk 1:22:33]} b5
{[%clk 1:22:18]} 11. d5 {[%clk 1:09:18]} exd5 {[%clk 1:17:53]} 12. exd5
{[%clk 1:08:39]} Na5 {[%clk 1:17:48]} 13. Qc2 {[%clk 0:53:51]} Bd6
{[%clk 1:13:30]} 14. Ne5 {[%clk 0:39:12]} Nh5 {[%clk 1:09:24]} 15. Nc6
{[%clk 0:33:20]} Nxc6 {[%clk 1:09:16]} 16. Bxd6 {[%clk 0:33:46]} Nd4
{[%clk 1:07:28]} 17. Qd1 {[%clk 0:33:56]} cxd6 {[%clk 1:05:29]} 18. Qxd4
{[%clk 0:33:55]} Nf6 {[%clk 1:05:28]} 19. a4 {[%clk 0:33:00]} Bd7
{[%clk 0:59:32]} 20. h3 {[%clk 0:27:54]} Re8 {[%clk 0:56:18]} 21. g4
{[%clk 0:25:29]} h6 {[%clk 0:51:47]} 22. Kh1 {[%clk 0:12:00]} Rb8
{[%clk 0:42:51]} 23. a5 {[%clk 0:04:46]} Rb7 {[%clk 0:37:01]} 24. Kg1
{[%clk 0:01:11]} Bc8 {[%clk 0:33:13]} 25. Qf4 {[%clk 0:01:05]} Rbe7
{[%clk 0:32:12]} 26. Na2 {[%clk 0:01:09]} Bb7 {[%clk 0:32:07]} 27. Nb4
{[%clk 0:01:33]} Qc7 {[%clk 0:32:24]} 28. Qd4 {[%clk 0:00:43]} Qc5
{[%clk 0:25:02]} 29. Qxc5 {[%clk 0:00:47]} dxc5 {[%clk 0:25:29]} 30. Nc6
{[%clk 0:01:09]} Rc7 {[%clk 0:24:25]} 31. Rfe1 {[%clk 0:01:09]} Rxe1+
{[%clk 0:23:22]} 32. Rxe1 {[%clk 0:01:38]} Kf8 {[%clk 0:23:27]} 33. Rd1
{[%clk 0:01:23]} Rd7 {[%clk 0:14:03]} 34. Ne5 Rd6 {[%clk 0:14:18]} 35. h4
{[%clk 0:00:35]} g5 {[%clk 0:13:39]} 36. Kh2 {[%clk 0:00:45]} Bxd5
{[%clk 0:10:12]} 37. f4 {[%clk 0:00:40]} Ke7 {[%clk 0:10:36]} 38. Re1
{[%clk 0:00:39]} Bxg2 {[%clk 0:09:56]} 39. Kxg2 {[%clk 0:00:52]} gxf4
{[%clk 0:09:25]} 40. Kf3 {[%clk 0:30:41]} Kf8 {[%clk 0:38:45]} 41. Kxf4
{[%clk 0:26:27]} Kg7 {[%clk 0:36:41]} 42. Nf3 {[%clk 0:22:02]} Rd3
{[%clk 0:35:00]} 43. g5 {[%clk 0:15:45]} hxg5+ {[%clk 0:35:24]} 44. Nxg5
{[%clk 0:15:49]} c3 {[%clk 0:34:00]} 45. bxc3 {[%clk 0:15:36]} Rxc3
{[%clk 0:34:27]} 46. Ke5 {[%clk 0:14:43]} Ng4+ {[%clk 0:32:42]} 47. Kd6
{[%clk 0:14:29]} c4 {[%clk 0:32:59]} 48. Kc5 {[%clk 0:13:54]} Rd3
{[%clk 0:32:00]} 49. Kb4 {[%clk 0:07:45]} Ne3 {[%clk 0:31:26]} 50. Rg1
{[%clk 0:08:02]} Rb3+ {[%clk 0:30:03]} 51. Kc5 {[%clk 0:08:23]} c3
{[%clk 0:30:23]} 52. Ne6+ {[%clk 0:06:55]} Kh6 {[%clk 0:30:21]} 53. Nd4
{[%clk 0:07:19]} Rb2 {[%clk 0:30:44]} 54. Kb6 {[%clk 0:07:03]} c2
{[%clk 0:28:47]} 55. Kxa6 {[%clk 0:05:57]} b4 {[%clk 0:27:59]} 56. Nxc2
{[%clk 0:05:34]} Rxc2 {[%clk 0:27:24]} 57. Kb7 {[%clk 0:05:20]} Nc4
{[%clk 0:24:28]} 58. a6 {[%clk 0:05:40]} Na5+ {[%clk 0:24:54]} 59. Kb6
{[%clk 0:05:22]} Nc6 {[%clk 0:25:20]} 60. Rf1 {[%clk 0:01:02]} b3
{[%clk 0:24:52]} 61. Rf3 {[%clk 0:00:54]} b2 {[%clk 0:25:09]} 62. Rb3
{[%clk 0:01:16]} f5 {[%clk 0:25:33]} 63. Kb5 {[%clk 0:00:37]} Nd4+
{[%clk 0:25:47]} 0-1

[Event "World Chess Olympiad 2018"]
[Site "Batumi"]
[Date "2018.10.04"]
[Round "10"]
[Board "3"]
[WhiteFideId "2209381"]
[White "Franco Ocampos Zenon"]
[BlackFideId "14300702"]
[Black "Mabusela Johannes Manyedi"]
[Result "1-0"]
[LiveChessVersion "1.4.8"]
[BlackElo "2245"]
[WhiteElo "2486"]

1. d4 {[%clk 1:30:58]} Nf6 {[%clk 1:30:55]} 2. c4 {[%clk 1:31:19]} e6
{[%clk 1:31:22]} 3. Nf3 {[%clk 1:31:39]} b6 {[%clk 1:30:42]} 4. a3
{[%clk 1:31:15]} Bb7 {[%clk 1:29:15]} 5. Nc3 {[%clk 1:31:38]} d5 {[%clk 1:29:08]}
6. cxd5 {[%clk 1:31:54]} Nxd5 {[%clk 1:29:33]} 7. Qc2 {[%clk 1:31:35]} Be7
{[%clk 1:23:42]} 8. e4 {[%clk 1:32:00]} Nxc3 {[%clk 1:23:46]} 9. bxc3
{[%clk 1:32:26]} Qc8 {[%clk 1:19:57]} 10. Bd3 {[%clk 1:25:25]} c5
{[%clk 1:18:08]} 11. Qb1 {[%clk 1:21:20]} cxd4 {[%clk 1:14:24]} 12. cxd4
{[%clk 1:21:41]} Ba6 {[%clk 1:13:48]} 13. O-O {[%clk 1:21:31]} Bxd3
{[%clk 1:13:09]} 14. Qxd3 {[%clk 1:21:58]} Qa6 {[%clk 1:12:36]} 15. Qb3
{[%clk 1:12:53]} Qb7 {[%clk 0:58:14]} 16. d5 {[%clk 1:09:22]} exd5
{[%clk 0:57:08]} 17. exd5 {[%clk 1:05:55]} O-O {[%clk 0:57:04]} 18. Bf4
{[%clk 1:02:17]} Nd7 {[%clk 0:56:38]} 19. Nd4 {[%clk 0:53:25]} Bf6
{[%clk 0:48:35]} 20. Rad1 {[%clk 0:53:48]} Nc5 {[%clk 0:48:13]} 21. Qf3
{[%clk 0:54:07]} Bxd4 {[%clk 0:46:11]} 22. Rxd4 {[%clk 0:54:34]} Rad8
{[%clk 0:44:43]} 23. Rfd1 {[%clk 0:54:35]} Rd7 {[%clk 0:45:04]} 24. h4
{[%clk 0:54:06]} Rfd8 {[%clk 0:43:49]} 25. h5 {[%clk 0:54:16]} h6
{[%clk 0:40:27]} 26. Be3 {[%clk 0:34:06]} Rd6 {[%clk 0:35:20]} 27. Bf4
{[%clk 0:34:13]} R6d7 {[%clk 0:35:38]} 28. R4d2 {[%clk 0:33:37]} Re8
{[%clk 0:33:32]} 29. Be3 {[%clk 0:32:40]} Re5 {[%clk 0:26:42]} 30. Bf4
{[%clk 0:30:57]} Re8 {[%clk 0:26:58]} 31. g4 {[%clk 0:26:21]} Rde7
{[%clk 0:21:25]} 32. Kg2 {[%clk 0:25:56]} Qd7 {[%clk 0:21:28]} 33. Rd4
{[%clk 0:24:39]} Re4 {[%clk 0:15:41]} 34. Bg3 {[%clk 0:24:51]} Re2
{[%clk 0:10:44]} 35. d6 {[%clk 0:22:19]} Rb2 {[%clk 0:09:32]} 36. Qf5
{[%clk 0:20:46]} Re6 {[%clk 0:09:48]} 37. Qd5 {[%clk 0:18:16]} Rbe2
{[%clk 0:09:23]} 38. R1d2 {[%clk 0:17:01]} Re1 {[%clk 0:09:27]} 39. f3
{[%clk 0:16:55]} Ra1 {[%clk 0:08:56]} 40. Ra2 {[%clk 0:45:14]} Rxa2+
{[%clk 0:34:23]} 41. Qxa2 {[%clk 0:45:28]} Qb5 {[%clk 0:34:19]} 42. Rd2
{[%clk 0:39:27]} Re8 {[%clk 0:33:46]} 43. Bh4 {[%clk 0:36:18]} Nd7
{[%clk 0:26:30]} 44. Qc2 {[%clk 0:32:56]} Nc5 {[%clk 0:22:11]} 45. a4
{[%clk 0:29:05]} Qd7 {[%clk 0:22:01]} 46. a5 {[%clk 0:29:21]} Rc8
{[%clk 0:21:28]} 47. axb6 {[%clk 0:29:37]} axb6 {[%clk 0:21:55]} 48. Qb2
{[%clk 0:28:49]} Rb8 {[%clk 0:20:33]} 49. Bg3 {[%clk 0:26:43]} Ne6
{[%clk 0:18:07]} 50. Qb4 {[%clk 0:26:17]} b5 {[%clk 0:17:52]} 51. Rc2
{[%clk 0:25:19]} Rb7 {[%clk 0:17:29]} 52. Ra2 {[%clk 0:24:40]} Rb8
{[%clk 0:15:33]} 53. Rc2 {[%clk 0:23:10]} Rb7 {[%clk 0:15:55]} 54. Rb2
{[%clk 0:22:48]} Qc6 {[%clk 0:15:05]} 55. Qa5 {[%clk 0:21:28]} Ng5
{[%clk 0:12:42]} 56. Qa8+ {[%clk 0:21:24]} Kh7 {[%clk 0:13:11]} 57. Qa3
{[%clk 0:21:39]} Kg8 {[%clk 0:10:20]} 58. Qd3 {[%clk 0:21:45]} Ne6
{[%clk 0:10:37]} 59. Rc2 {[%clk 0:21:58]} Qd7 {[%clk 0:10:55]} 60. Qd5
{[%clk 0:22:15]} Ra7 {[%clk 0:09:44]} 61. Rb2 {[%clk 0:20:34]} Rb7
{[%clk 0:10:09]} 62. Rb4 {[%clk 0:20:42]} Rb8 {[%clk 0:10:28]} 63. Kh2
{[%clk 0:20:14]} Rb7 {[%clk 0:10:38]} 64. Rb3 {[%clk 0:19:36]} Rb6
{[%clk 0:09:47]} 65. Qa8+ {[%clk 0:19:52]} Nf8 {[%clk 0:07:44]} 66. Re3
{[%clk 0:15:38]} Qb7 {[%clk 0:05:23]} 67. Qe8 {[%clk 0:12:51]} Qd7
{[%clk 0:03:47]} 68. Qxd7 {[%clk 0:12:54]} Nxd7 {[%clk 0:04:16]} 69. Re8+
{[%clk 0:13:18]} Kh7 {[%clk 0:04:34]} 70. Re7 {[%clk 0:13:42]} Rb7
{[%clk 0:04:10]} 71. Rxf7 {[%clk 0:14:05]} Kg8 {[%clk 0:04:24]} 72. Re7
{[%clk 0:14:23]} b4 {[%clk 0:04:43]} 73. Be5 {[%clk 0:14:32]} b3 {[%clk 0:05:01]}
74. Rxg7+ {[%clk 0:14:31]} Kf8 {[%clk 0:05:25]} 75. Kg3 {[%clk 0:14:33]} Ke8
{[%clk 0:05:33]} 76. Bb2 {[%clk 0:14:43]} Nc5 {[%clk 0:05:26]} 77. Rg8+
{[%clk 0:14:18]} Kd7 {[%clk 0:05:47]} 78. Be5 {[%clk 0:13:38]} b2
{[%clk 0:05:13]} 79. Rg7+ {[%clk 0:14:01]} 1-0

[Event "World Chess Olympiad 2018"]
[Site "Batumi"]
[Date "2018.10.04"]
[Round "10"]
[Board "4"]
[WhiteFideId "14300494"]
[White "Van den Heever Donovan"]
[BlackFideId "3701166"]
[Black "Almiron Antonio"]
[Result "0-1"]
[LiveChessVersion "1.4.8"]
[BlackElo "2358"]
[WhiteElo "2227"]

1. e4 {[%clk 1:30:56]} c6 {[%clk 1:30:52]} 2. d4 {[%clk 1:31:07]} d5
{[%clk 1:31:15]} 3. exd5 {[%clk 1:29:26]} cxd5 {[%clk 1:31:38]} 4. c4
{[%clk 1:29:47]} Nf6 {[%clk 1:31:35]} 5. Nc3 {[%clk 1:29:57]} e6 {[%clk 1:31:53]}
6. Bg5 {[%clk 1:27:52]} Bb4 {[%clk 1:30:23]} 7. Nf3 {[%clk 1:26:29]} O-O
{[%clk 1:30:28]} 8. Be2 {[%clk 1:23:34]} dxc4 {[%clk 1:22:46]} 9. Bxc4
{[%clk 1:19:10]} Qc7 {[%clk 1:23:08]} 10. Bd3 {[%clk 1:06:49]} Bxc3+
{[%clk 1:21:15]} 11. bxc3 {[%clk 1:07:15]} Qxc3+ {[%clk 1:21:38]} 12. Kf1
{[%clk 1:07:37]} Nbd7 {[%clk 1:20:31]} 13. Rc1 {[%clk 1:03:35]} Qa5
{[%clk 1:19:46]} 14. Bd2 {[%clk 0:34:59]} Qa3 {[%clk 1:15:39]} 15. Rc3
{[%clk 0:31:58]} Qd6 {[%clk 1:14:54]} 16. Rb3 {[%clk 0:31:53]} Re8
{[%clk 1:07:50]} 17. Bb4 {[%clk 0:31:18]} Qb8 {[%clk 1:08:09]} 18. Ng5
{[%clk 0:23:09]} h6 {[%clk 1:03:48]} 19. h4 {[%clk 0:23:32]} b6 {[%clk 1:02:16]}
20. Qb1 {[%clk 0:07:14]} Nf8 {[%clk 0:59:41]} 21. Bb5 {[%clk 0:07:32]} Bd7
{[%clk 0:58:43]} 22. Bxd7 {[%clk 0:06:06]} N8xd7 {[%clk 0:59:06]} 23. Rf3
{[%clk 0:05:26]} a5 {[%clk 0:56:29]} 24. Bd2 {[%clk 0:04:31]} Qb7
{[%clk 0:56:49]} 25. Nxf7 {[%clk 0:00:57]} Kxf7 {[%clk 0:56:59]} 26. Bxh6
{[%clk 0:01:22]} Rf8 {[%clk 0:56:17]} 27. Qh7 {[%clk 0:00:55]} Rg8
{[%clk 0:56:20]} 28. Rhh3 Nf8 {[%clk 0:56:03]} 29. Rxf6+ {[%clk 0:00:47]} Kxf6
{[%clk 0:56:32]} 30. Bg5+ {[%clk 0:00:45]} Kf7 {[%clk 0:56:28]} 31. Qh5+
{[%clk 0:00:43]} g6 {[%clk 0:56:57]} 32. Rf3+ {[%clk 0:00:47]} Ke8
{[%clk 0:57:27]} 33. Qg4 {[%clk 0:00:41]} Rg7 {[%clk 0:57:33]} 34. Re3
{[%clk 0:00:35]} Rf7 {[%clk 0:54:26]} 35. Rxe6+ {[%clk 0:00:31]} Nxe6
{[%clk 0:54:54]} 36. Qxe6+ {[%clk 0:00:51]} Kf8 {[%clk 0:55:23]} 37. Qxg6
{[%clk 0:00:34]} Rc8 {[%clk 0:51:57]} 38. Bh6+ {[%clk 0:00:47]} Ke8
{[%clk 0:52:09]} 39. Qg8+ {[%clk 0:00:53]} Ke7 {[%clk 0:52:25]} 40. Bg5+
{[%clk 0:30:44]} Kd6 {[%clk 1:22:37]} 41. Qg6+ {[%clk 0:30:55]} Kd5
{[%clk 1:22:51]} 42. f3 {[%clk 0:30:26]} Kxd4 {[%clk 1:18:03]} 43. Qd6+
{[%clk 0:29:04]} Kc4 {[%clk 1:17:45]} 44. Qe6+ {[%clk 0:29:24]} Kb5
{[%clk 1:18:06]} 45. Qe2+ {[%clk 0:29:42]} Kc5 {[%clk 1:13:51]} 46. Qe3+
{[%clk 0:29:58]} Kd6 {[%clk 1:13:59]} 47. Bf4+ {[%clk 0:28:34]} Kd7
{[%clk 1:13:15]} 48. Qd4+ {[%clk 0:27:48]} Ke8 {[%clk 1:11:43]} 49. Qh8+
{[%clk 0:25:14]} Rf8 {[%clk 1:11:58]} 50. Qh5+ {[%clk 0:24:28]} Qf7
{[%clk 1:10:51]} 51. Qb5+ {[%clk 0:09:15]} Qd7 {[%clk 1:07:59]} 52. Qe5+
{[%clk 0:03:00]} Kf7 {[%clk 1:07:54]} 53. Qh5+ {[%clk 0:02:05]} Kg8
{[%clk 1:08:18]} 54. Be5 {[%clk 0:00:58]} Rc1+ {[%clk 1:04:12]} 55. Kf2
{[%clk 0:00:57]} Rc2+ {[%clk 1:04:40]} 56. Kg1 {[%clk 0:00:32]} Qf5
{[%clk 1:04:36]} 57. Qh8+ {[%clk 0:00:45]} Kf7 {[%clk 1:05:06]} 58. Qg7+
{[%clk 0:01:01]} Ke6 {[%clk 1:05:35]} 59. Bg3 {[%clk 0:00:36]} Rf7
{[%clk 0:56:41]} 60. Qh6+ {[%clk 0:00:33]} Rf6 {[%clk 0:55:48]} 61. Qh8
{[%clk 0:00:33]} Kd7 {[%clk 0:48:50]} 62. Qg7+ {[%clk 0:00:34]} Rf7
{[%clk 0:48:57]} 63. Qd4+ {[%clk 0:00:31]} Kc8 {[%clk 0:49:16]} 64. Qh8+ Rf8
{[%clk 0:49:18]} 65. Qh6 {[%clk 0:00:38]} Rg8 {[%clk 0:48:17]} 0-1